MARC детайли
| 000 -Лидер |
| Контролно поле с фиксирана дължина |
01225nam a2200337 c 4500 |
| 003 - Код на организацията, давaща контролен номер |
| Контролно поле |
BLK |
| 005 - Дата и час на последна редакция |
| Контролно поле |
20230401030427.0 |
| 008 - Елементи от данни с фиксирана дължина |
| fixed length control field |
180911b bul|||||r ||||||| ||bul|| |
| 010 ## - Наследен системен номер |
| LC control number |
001487 |
| 040 ## - Източник на каталожния запис |
| Идентификатор на билиотеката - собственик на записа |
BLK |
| 041 ## - Код за език |
| Код за езика на текст/звукозапис или на отделно заглавие |
Български |
| Код за езика КДБФ |
Български |
| 080 ## - УДК |
| УДК - код + определител |
886.7-1 |
| 100 1# - Редна дума - Автор |
| Автор |
Лилиев, Николай |
| Пълна форма на името |
Попиванов, Николай Михайлов |
| Дати, свързани с автора |
1885-1960 |
| R(LIN) |
88821 |
| 245 00 - Сведения за заглавието |
| Заглавие |
Птици в нощта |
| Редно поле (дума) |
Николай Лилиев |
| 246 ## - Различни форми на заглавието |
| Наименование на поредна част от произведението |
лирика-стихотворения |
| 250 ## - Област на изданието |
| Сведения за изданието |
2. изд |
| 260 ## - Област на издателските данни |
| Място на издаване, разпространение и проч. |
София |
| Име на издателя, разпространителя и проч. |
Ал. Паскалиев и Сие |
| Година на издаване |
1921 |
| Печатница |
Придворна печ. |
| 300 ## - Физическа характеристика |
| Страници |
96 с |
| Размери/Мащаб |
19 см |
| 380 ## - Жанр |
| Жанр |
Литературознание |
| 490 ## - СЕРИИ (Колекции) |
| Име на серия |
Частна колекция - Академик Михаил Арнаудов |
| Бележки за серията |
Дарение - Основен фонд |
| 500 ## - Общи забележки |
| Забележка |
Автограф с текст: На г. проф. М. Арнаудов - Н. Лилиев София 3. 10. 1921.; Подчертаванияв текста; |
| 520 ## - Забележка за наличие на резюме, анотация и т.н |
| Анотация, рецензия, сканиран текст |
Михаил Арнаудов: негови-книга |
| 520 ## - Забележка за наличие на резюме, анотация и т.н |
| Анотация, рецензия, сканиран текст |
Подчертаванияв текста |
| 520 ## - Забележка за наличие на резюме, анотация и т.н |
| Анотация, рецензия, сканиран текст |
с текст: На г. проф. М. Арнаудов - Н. Лилиев София 3. 10. 1921. |
| 650 ## - Допълнително описание по предмет – тема |
| Основно описание – тема или топоним |
Поезия |
| 9 (RLIN) |
166642 |
| 653 ## - Ключова дума – ненормативна |
| Ключова дума |
лирика |
| 653 ## - Ключова дума – ненормативна |
| Ключова дума |
стихотворения |
| 655 ## - Ключова дума – жанр/разновидност |
| Данни за жанр/разновидност или ключова дума за фокус |
българска литература |
| 700 1# - Други автори (авторска отговорност) |
| Лично име |
Лилиев, Николай |
| Дати, свързани с автора |
26.05.1885 – 06.10.1960 |
| Друга информация |
Николай Лилиев е псевдоним на Николай Попиванов – виден български поет символист и драматург. Следва литература в Лозана и търговия в Париж. Работи като учител в София, Пловдив и Свищов, известно време е чиновник. По време на Първата световна война е редник и кореспондент. След войната работи в различни ведомства и редакции. Известно време е драматург на Народния театър. Участва в редакцията на „Известия на Института по литература“. Съредактор е на сп. „Златорог“. Академик от 1945 г. След появата на първите му книги неговата поезия се оказва в центъра на критичните полемики. Тя се свързва с върха и залеза на българския символизъм. Печата стихове за първи път през 1905 г. в „Българан“. Сътрудничи на редица литературни и хумористични издания. Автор на стихосбирките „Птици в нощта“, „Лунни петна“, „Стихотворения“. През 1934 г. пише последния си цикъл стихове „При морето“. Николай Лилиев има осезателен принос в българската театрална култура и сценична реч, като преводач и автор на изследвания, портрети и спомени за български и чужди писатели и театрали. |
| Пълна форма на името |
Николай Лилиев |
| 9 (RLIN) |
397894 |
| 762 ## - Описание на подсерията (дигитална колекция) |
| 9 (RLIN) |
409507 |
| Номер на изображение |
2 |
| Описание на изображение |
Текст: На г. проф. М. Арнаудов – Н. Лилиев София 3.10.1921 |
| Название на изображение |
Автограф от Николай Лилиев |
| Име на дигиталната колекция |
Послания на времето |
| Резюме на колекция |
Акад. Михаил Арнаудов - послания и дарствени слова |
| Описание на колекция |
Академик Михаил Арнаудов е личност със значимо присъствие в българската култура и принос в областта на науката, литературата, фолклора, историята на българското Възраждане, социологията, философията и народопсихологията. Цялото документално и библиотечно наследство на родения в Русе виден учен е национално богатство от изключително значение. Единствено Регионална библиотека „Любен Каравелов“ – Русе притежава колекция от над 1500 книги от личната библиотека на Михаил Арнаудов с автографи, послания и дарствени надписи от български и чужди знакови личности. Зад всеки автограф се крие историята на взаимоотношенията между Академика и неговите съвременници. Тези автографи са неизвестни и неизследвани страници от българското културно наследство. |
| 763 ## - Описание на подсерията (дигитални колекции - автор) |
| Връзки |
397894 |
| Автор към изображението |
Лилиев, Николай |
| Дати, свързани с автора |
26.05.1885 – 06.10.1960 |
| Друга информация |
Николай Лилиев е псевдоним на Николай Попиванов – виден български поет символист и драматург. Следва литература в Лозана и търговия в Париж. Работи като учител в София, Пловдив и Свищов, известно време е чиновник. По време на Първата световна война е редник и кореспондент. След войната работи в различни ведомства и редакции. Известно време е драматург на Народния театър. Участва в редакцията на „Известия на Института по литература“. Съредактор е на сп. „Златорог“. Академик от 1945 г. След появата на първите му книги неговата поезия се оказва в центъра на критичните полемики. Тя се свързва с върха и залеза на българския символизъм. Печата стихове за първи път през 1905 г. в „Българан“. Сътрудничи на редица литературни и хумористични издания. Автор на стихосбирките „Птици в нощта“, „Лунни петна“, „Стихотворения“. През 1934 г. пише последния си цикъл стихове „При морето“. Николай Лилиев има осезателен принос в българската театрална култура и сценична реч, като преводач и автор на изследвания, портрети и спомени за български и чужди писатели и театрали. |
| Номера от таг 762 подп. 9 |
409507 |
| Номер на изображение |
2 |
| Пълно име на автора |
Николай Лилиев |
| 852 ## - Местоположение |
| Форматна сигнатура |
МА 1126 |
| Фондова буква |
Фонд "Михаил Арнаудов" |
| 999 ## - СИСТЕМНИ КОНТРОЛНИ НОМЕРА |
| Koha biblionumber |
341857 |
| Koha biblioitemnumber |
341857 |
| 942 ## - АРТИКУЛИ |
| Вид на библиотечния материал |
Книги |
| Скрит в OPAC |
Не |
| Периодичен библиозапис |
Да |
| 944 ## - СЪЗДАВАНЕ И РЕДАКЦИЯ на ЗАПИСА |
| Създаване/Редакция |
Създаване |
| Дата на регистрацията/редакция |
1996 |
| Служител, извършил регистрацията/редакцията |
ValK |
| 999 ## - СИСТЕМНИ КОНТРОЛНИ НОМЕРА |
| Koha biblioitemnumber |
341857 |
| 999 ## - СИСТЕМНИ КОНТРОЛНИ НОМЕРА |
| Koha biblioitemnumber |
341857 |
| 999 ## - СИСТЕМНИ КОНТРОЛНИ НОМЕРА |
| Koha biblioitemnumber |
341857 |
| 999 ## - СИСТЕМНИ КОНТРОЛНИ НОМЕРА |
| Koha biblioitemnumber |
341857 |
| 999 ## - СИСТЕМНИ КОНТРОЛНИ НОМЕРА |
| Koha biblioitemnumber |
341857 |
| 999 ## - СИСТЕМНИ КОНТРОЛНИ НОМЕРА |
| Koha biblioitemnumber |
341857 |
| 999 ## - СИСТЕМНИ КОНТРОЛНИ НОМЕРА |
| Koha biblioitemnumber |
341857 |
| 999 ## - СИСТЕМНИ КОНТРОЛНИ НОМЕРА |
| Koha biblioitemnumber |
341857 |